[Event "K41 Foraars EMT Basis 1 2007"]
[Site "Valby"]
[Date "2007.03.13"]
[Round "1"]
[White "Friis, Jesper"]
[Black "Thygesen, Morten"]
[Result "1-0"]
[WhiteElo "1785"]
[BlackElo "1884"]
[PlyCount "59"]
[EventDate "2007.??.??"]

1. e4 d5 2. exd5 Nf6 3. d4 Qxd5 4. Nc3 Qa5 5. Bc4 c6 6. Bd2 Qc7 7. Qe2 Bf5 8.
O-O-O Nbd7 9. Nf3 Nb6 10. Bb3 e6 11. Ne5 Bd6 12. g4 Bxe5 13. gxf5 Bxd4 14. fxe6
O-O-O 15. exf7 Nfd7 16. Qg4 Be5 17. Bg5 Bf6 18. Bf4 Be5 19. Bxe5 Qxe5 20. Rhe1
Qf6 21. Ne4 Qh6+ 22. Kb1 Kb8 23. Qg3+ Ka8 24. Qd6 Qxd6 25. Rxd6 Kb8 26. Ng5
Rdf8 27. Rde6 Nf6 28. Re7 Nbd5 29. Bxd5 Nxd5 30. Re8+ 1-0

[Event "K41 Foraars EMT Basis 1 2007"]
[Site "Valby"]
[Date "2007.03.13"]
[Round "1"]
[White "Nielsen, John Holm"]
[Black "Jorgensen, Kasper Moller"]
[Result "1-0"]
[WhiteElo "1933"]
[BlackElo "1857"]
[PlyCount "81"]
[EventDate "2007.??.??"]

1. Nc3 d5 2. e4 e6 3. g3 dxe4 4. Nxe4 Bd7 5. Bg2 Bc6 6. f3 e5 7. Qe2 Be7 8. d3
Nf6 9. Bd2 Nd5 10. O-O-O O-O 11. h4 f5 12. Nc3 Qd6 13. Nh3 Nd7 14. f4 Bf6 15.
Ng5 Rae8 16. Qh5 h6 17. Bxd5+ Bxd5 18. Nxd5 Qxd5 19. Qg6 Bxg5 20. hxg5 Re6 21.
Qh5 Qd6 22. fxe5 Nxe5 23. gxh6 g6 24. h7+ Kh8 25. Qg5 b5 26. Rde1 Rfe8 27. Qf4
c5 28. a3 b4 29. axb4 Nxd3+ 30. cxd3 Rxe1+ 31. Rxe1 Rxe1+ 32. Bxe1 Qxd3 33.
Bc3+ Kxh7 34. Qh4+ Kg8 35. Qh8+ Kf7 36. Qf6+ Ke8 37. Qxg6+ Kd7 38. Qf7+ Kc6 39.
Qe8+ Kb7 40. Qe7+ Kc6 41. Qxc5+ 1-0

[Event "K41 Foraars EMT Basis 1 2007"]
[Site "Valby"]
[Date "2007.03.13"]
[Round "1"]
[White "Marshall, Michael"]
[Black "Taylor, Ralph"]
[Result "1-0"]
[WhiteElo "1770"]
[BlackElo "1870"]
[PlyCount "77"]
[EventDate "2007.??.??"]

1. d4 Nf6 2. Nf3 g6 3. Nc3 Bg7 4. e4 d6 5. Be3 O-O 6. Qd2 Ng4 7. Bg5 h6 8. Bh4
c6 9. O-O-O b5 10. Bd3 Nd7 11. h3 Ngf6 12. e5 dxe5 13. dxe5 Nd5 14. Nxd5 cxd5
15. Rhe1 Nc5 16. Bf1 Bb7 17. Nd4 Ne4 18. Qe3 Bxe5 19. f3 g5 20. Ne2 Bg7 21.
fxe4 gxh4 22. exd5 Qa5 23. Qb3 Qc7 24. g3 Rac8 25. Bg2 Rfd8 26. Rf1 a5 27. a4
bxa4 28. Qxa4 Ba6 29. Rfe1 Bb5 30. Qe4 Qb6 31. c3 Rb8 32. Nd4 Bd3 33. Rxd3
Qxb2+ 34. Kd1 hxg3 35. Rxg3 Qa2 36. Nc2 Kh8 37. Rxg7 Kxg7 38. Qd4+ f6 39. Rxe7+
1-0

[Event "K41 Foraars EMT Basis 1 2007"]
[Site "Valby"]
[Date "2007.03.13"]
[Round "1"]
[White "Gjedde, Thomas"]
[Black "Weinreich, Per C"]
[Result "1/2-1/2"]
[WhiteElo "1950"]
[BlackElo "1886"]
[PlyCount "87"]
[EventDate "2007.??.??"]

1. d4 Nf6 2. Nf3 g6 3. c4 Bg7 4. Nc3 O-O 5. e4 d6 6. Be2 e5 7. O-O Nc6 8. d5
Ne7 9. Ne1 Nd7 10. Be3 f5 11. f3 f4 12. Bf2 g5 13. Nd3 Nf6 14. c5 Rf7 15. Rc1
Bf8 16. cxd6 cxd6 17. Nb5 Ng6 18. Qb3 g4 19. Rc2 g3 20. hxg3 fxg3 21. Bxg3 a6
22. Na3 Nh5 23. Bf2 Qg5 24. Rfc1 Ngf4 25. Nxf4 Nxf4 26. Kf1 Qxg2+ 27. Ke1 Nxe2
28. Rxe2 Rxf3 29. Rc3 Qh1+ 30. Kd2 Bh6+ 31. Be3 Bxe3+ 32. Rcxe3 Bg4 33. Re1
Rf2+ 34. Kc1 Rc8+ 35. Kb1 Rf1 36. Qb4 Qg2 37. Nc4 Bf3 38. Nd2 Rxe1+ 39. Rxe1
Bh5 40. a3 Qf2 41. Rf1 Qc5 42. Qxb7 Rc7 43. Qa8+ Rc8 44. Qb7 1/2-1/2

[Event "K41 Foraars EMT Basis 1 2007"]
[Site "Valby"]
[Date "2007.03.27"]
[Round "2"]
[White "Weinreich, Per C"]
[Black "Friis, Jesper"]
[Result "1-0"]
[WhiteElo "1886"]
[BlackElo "1785"]
[PlyCount "70"]
[EventDate "2007.??.??"]

1. Nf3 d5 2. b3 Nc6 3. Bb2 Bf5 4. g3 e6 5. Bg2 Nf6 6. O-O Bd6 7. d4 Qe7 8. c4
b6 9. Ne5 Bxe5 10. dxe5 Ne4 11. cxd5 Rd8 12. Qc1 Nb8 13. Ba3 Nc5 14. e4 Bg6 15.
f4 O-O 16. Bxc5 bxc5 17. f5 exf5 18. exf5 Qxe5 19. Qc3 Qxc3 20. Nxc3 Bh5 21.
Rf4 f6 22. Rc4 Nd7 23. Ra4 Ne5 24. Rxa7 Rc8 25. a4 Rfd8 26. a5 c6 27. a6 Bf3
28. dxc6 Nxc6 29. Bxf3 Nxa7 30. Nd5 Rb8 31. Ne7+ Kf8 32. Nc6 Rd3 33. Nxb8 Rxf3
34. Nd7+ Ke7 35. Nxc5 Rxb3 1-0

[Event "K41 Foraars EMT Basis 1 2007"]
[Site "Valby"]
[Date "2007.03.27"]
[Round "2"]
[White "Taylor, Ralph"]
[Black "Gjedde, Thomas"]
[Result "0-1"]
[WhiteElo "1870"]
[BlackElo "1950"]
[PlyCount "84"]
[EventDate "2007.??.??"]

1. e4 e5 2. Nf3 Nc6 3. Bb5 a6 4. Ba4 Nf6 5. O-O Be7 6. Re1 b5 7. Bb3 d6 8. c3
O-O 9. h3 Na5 10. Bc2 c5 11. d4 cxd4 12. cxd4 Qc7 13. Nbd2 Bb7 14. Nf1 Rac8 15.
Bb1 Nc6 16. Ng3 g6 17. Bg5 Rfd8 18. a3 d5 19. Ba2 dxe4 20. Qb3 Nd5 21. Bxe7
Qxe7 22. Nxe4 Nxd4 23. Nxd4 exd4 24. Qg3 Qc7 25. Qh4 Qf4 26. g4 Kg7 27. Rad1
Ne3 28. Ng5 h6 29. Ne6+ fxe6 30. Qe7+ Qf7 31. Qxf7+ Kxf7 32. fxe3 dxe3 33. Rxd8
Rxd8 34. Rxe3 Bd5 35. Bb1 Bc4 36. Be4 Rd1+ 37. Kf2 Rd2+ 38. Kg3 Rxb2 39. Rf3+
Kg7 40. Kf4 Rb3 41. Rf2 Rxa3 42. Ke5 Re3 0-1

[Event "K41 Foraars EMT Basis 1 2007"]
[Site "Valby"]
[Date "2007.03.27"]
[Round "2"]
[White "Jorgensen, Kasper Moller"]
[Black "Thygesen, Morten"]
[Result "0-1"]
[WhiteElo "1857"]
[BlackElo "1884"]
[PlyCount "68"]
[EventDate "2007.??.??"]

1. Nf3 d5 2. c4 c6 3. g3 Nf6 4. Bg2 Bf5 5. b3 Nbd7 6. Bb2 e6 7. d3 Bc5 8. O-O
h5 9. Nbd2 h4 10. Nxh4 Rxh4 11. gxh4 dxc4 12. e4 Bg4 13. Nf3 cxd3 14. Qxd3 Nh5
15. Rad1 Nf4 16. Qd2 Qc7 17. Bxg7 Nxg2 18. Kxg2 O-O-O 19. Qg5 Bxf3+ 20. Kxf3
Rg8 21. Qh6 Qxh2 22. Bd4 Qg2+ 23. Ke3 Ne5 24. Bxc5 Qf3+ 25. Kd2 Rd8+ 26. Kc2
Qxe4+ 27. Kc3 Rd3+ 28. Rxd3 Qxd3+ 29. Kb4 Qb5+ 30. Kc3 Qxc5+ 31. Kd2 Qd4+ 32.
Ke2 Qe4+ 33. Kd2 Qd3+ 34. Ke1 Nf3# 0-1

[Event "K41 Foraars EMT Basis 1 2007"]
[Site "Valby"]
[Date "2007.03.27"]
[Round "2"]
[White "Nielsen, John Holm"]
[Black "Marshall, Michael"]
[Result "0-1"]
[WhiteElo "1933"]
[BlackElo "1770"]
[PlyCount "126"]
[EventDate "2007.??.??"]

1. Nc3 d5 2. e4 dxe4 3. Nxe4 Bf5 4. Qf3 Qd5 5. Nd6+ Qxd6 6. Qxf5 e6 7. Qb5+ Qc6
8. Nf3 Qxb5 9. Bxb5+ c6 10. Ba4 Nf6 11. d4 Be7 12. O-O Nbd7 13. Re1 O-O 14. Bd2
Rad8 15. Rad1 Rfe8 16. a3 h6 17. b4 a6 18. Bb3 Bf8 19. c4 Rc8 20. Bc3 b5 21.
Ne5 Nb6 22. Bb2 Red8 23. f4 Nfd7 24. Rc1 Nf6 25. Bd1 Nfd7 26. Nxd7 Rxd7 27.
cxb5 cxb5 28. Bf3 Nc4 29. Be2 Rdc7 30. Bxc4 Rxc4 31. Kf2 Bd6 32. g3 R8c7 33.
Ke3 Rc2 34. Rxc2 Rxc2 35. Re2 Rxe2+ 36. Kxe2 g6 37. Kd3 Kf8 38. d5 Ke7 39. Ke4
f5+ 40. Kd4 h5 41. Bc3 Kd7 42. Bb2 Bf8 43. dxe6+ Kxe6 44. Kd3 Kd5 45. Be5 Be7
46. Bd4 Bd8 47. Bc5 Bf6 48. Be3 Bb2 49. Bd2 Bd4 50. Be1 Bb2 51. Bd2 Bd4 52. Be1
Bg1 53. h3 Bd4 54. Ke2 Kc4 55. Kf3 Bb2 56. g4 hxg4+ 57. hxg4 Bxa3 58. gxf5 gxf5
59. Ke2 Bxb4 60. Bf2 a5 61. Be3 a4 62. Kd1 Kb3 63. Kc1 Bc3 0-1

[Event "K41 Foraars EMT Basis 1 2007"]
[Site "Valby"]
[Date "2007.03.20"]
[Round "3"]
[White "Gjedde, Thomas"]
[Black "Nielsen, John Holm"]
[Result "0-1"]
[WhiteElo "1950"]
[BlackElo "1933"]
[PlyCount "132"]
[EventDate "2007.??.??"]

1. d4 d5 2. Nf3 Nf6 3. c4 c6 4. Nc3 dxc4 5. a4 Bf5 6. e3 e6 7. Bxc4 Bb4 8. O-O
O-O 9. Qe2 Bg4 10. Rd1 Qe7 11. e4 h6 12. e5 Nd5 13. Ne4 Nd7 14. Ng3 Rfd8 15. h3
Bxf3 16. Qxf3 Nf8 17. Qg4 Kh8 18. Nh5 f5 19. exf6 Nxf6 20. Nxf6 Qxf6 21. Qe4
Rd7 22. Bf4 Rf7 23. Bg3 Rd8 24. Rd3 Rfd7 25. Be5 Qf5 26. Qe2 Bd6 27. Rf3 Qh7
28. Bd3 Qg8 29. Qe4 Nh7 30. h4 Bxe5 31. dxe5 Rd4 32. Qxh7+ Qxh7 33. Bxh7 Kxh7
34. Rf7 R8d7 35. Rxd7 Rxd7 36. Kf1 Kg6 37. g3 Kf5 38. Re1 Rd5 39. f4 Rd3 40.
Kf2 Kg4 41. Re3 Rd2+ 42. Ke1 Rxb2 43. Rd3 g5 44. Rd6 gxf4 45. gxf4 Kf5 46. Rd4
a5 47. Rd7 Kxf4 48. Rh7 Kxe5 49. Rxh6 b5 50. Rh5+ Kd6 51. Rg5 e5 52. h5 bxa4
53. Kd1 Rb4 54. h6 Rh4 55. Rg6+ Kd5 56. Kc2 Rh3 57. Kb2 a3+ 58. Ka2 c5 59. Ra6
e4 60. Rxa5 Rxh6 61. Rxa3 Rb6 62. Ra8 e3 63. Re8 Re6 64. Rd8+ Kc4 65. Rd1 e2
66. Re1 Kd3 0-1

[Event "K41 Foraars EMT Basis 1 2007"]
[Site "Valby"]
[Date "2007.04.17"]
[Round "3"]
[White "Marshall, Michael"]
[Black "Jorgensen, Kasper Moller"]
[Result "1-0"]
[WhiteElo "1770"]
[BlackElo "1857"]
[PlyCount "87"]
[EventDate "2007.??.??"]

1. d4 Nf6 2. Nf3 e6 3. e3 c5 4. Bd3 cxd4 5. exd4 b6 6. O-O Bb7 7. c4 Nc6 8. Nc3
d6 9. Re1 Ne7 10. Bg5 Rc8 11. Qe2 Ng6 12. d5 e5 13. Nb5 a6 14. Nbd4 Be7 15. Nf5
O-O 16. Nd2 Nxd5 17. Nxe7+ Ndxe7 18. Rad1 f5 19. f3 Qe8 20. Be3 d5 21. Bxb6 d4
22. g3 Rf6 23. Ba5 Nc6 24. Nb3 Nf8 25. Bd2 Qh5 26. Nc5 Rb8 27. b4 Ne6 28. Nd7
Re8 29. Nxf6+ gxf6 30. g4 fxg4 31. fxg4 Qh4 32. Be4 Kh8 33. b5 axb5 34. cxb5
Ncd8 35. Bxb7 Nxb7 36. Kh1 Nd6 37. Rg1 Rd8 38. a4 e4 39. Qe1 Qxe1 40. Rgxe1 e3
41. Bxe3 dxe3 42. Rxe3 Nc5 43. a5 Nce4 44. Rxe4 1-0

[Event "K41 Foraars EMT Basis 1 2007"]
[Site "Valby"]
[Date "2007.04.17"]
[Round "3"]
[White "Thygesen, Morten"]
[Black "Weinreich, Per C"]
[Result "0-1"]
[WhiteElo "1884"]
[BlackElo "1886"]
[PlyCount "56"]
[EventDate "2007.??.??"]

1. e4 c5 2. Nf3 e6 3. c3 Nf6 4. e5 Nd5 5. d4 d6 6. Bb5+ Bd7 7. Bc4 Bc6 8. O-O
Be7 9. Nbd2 cxd4 10. cxd4 dxe5 11. dxe5 Nb6 12. Qe2 O-O 13. Bb3 N8d7 14. Ne4
Qc7 15. Bf4 Nd5 16. Bg3 Nc5 17. Nxc5 Bxc5 18. Rac1 Qb6 19. Ng5 h6 20. Ne4 Be7
21. Qg4 Kh8 22. Qh5 Rad8 23. Rfd1 a5 24. Bxd5 Rxd5 25. Rxd5 Bxd5 26. Nf6 Qxb2
27. Bf4 Bxf6 28. Bxh6 Qxe5 0-1

[Event "K41 Foraars EMT Basis 1 2007"]
[Site "Valby"]
[Date "2007.04.24"]
[Round "4"]
[White "Taylor, Ralph"]
[Black "Thygesen, Morten"]
[Result "1-0"]
[WhiteElo "1870"]
[BlackElo "1884"]
[PlyCount "73"]
[EventDate "2007.??.??"]

1. e4 d5 2. exd5 Nf6 3. d4 Bg4 4. f3 Bf5 5. Bb5+ c6 6. dxc6 Nxc6 7. Ne2 e6 8.
O-O Bd6 9. Bg5 O-O 10. Nbc3 Qc7 11. h3 Kh8 12. Bxf6 gxf6 13. Ne4 Rg8 14. Kh1
Rg6 15. Nxd6 Qxd6 16. Qd2 e5 17. d5 Rag8 18. Rg1 Ne7 19. Rad1 Bc8 20. Bd3 f5
21. c4 Rh6 22. c5 Qf6 23. d6 Qh4 24. Nf4 Nc6 25. Bf1 Nd4 26. Qe3 f6 27. Rxd4
exd4 28. Qxd4 Bd7 29. b4 Qg3 30. b5 Rg4 31. fxg4 fxg4 32. Nh5 Qh4 33. Nf4 gxh3
34. g3 Qg4 35. Kh2 Qf5 36. Bd3 Qg4 37. Qe4 1-0

[Event "K41 Foraars EMT Basis 1 2007"]
[Site "Valby"]
[Date "2007.04.24"]
[Round "4"]
[White "Nielsen, John Holm"]
[Black "Friis, Jesper"]
[Result "1-0"]
[WhiteElo "1933"]
[BlackElo "1785"]
[PlyCount "45"]
[EventDate "2007.??.??"]

1. Nc3 g6 2. e4 Bg7 3. d4 d6 4. f4 e5 5. dxe5 dxe5 6. Qxd8+ Kxd8 7. Be3 Be6 8.
O-O-O+ Nd7 9. Nf3 exf4 10. Bxf4 Ngf6 11. Nd5 Rc8 12. Ng5 h6 13. Nxe6+ fxe6 14.
Nxf6 Bxf6 15. Bb5 c6 16. Bc4 Ke7 17. Bd6+ Kf7 18. Rhf1 Kg7 19. Bxe6 Rhd8 20.
Bxd7 Rxd7 21. Bf8+ Rxf8 22. Rxd7+ Kg8 23. Kb1 1-0

[Event "K41 Foraars EMT Basis 1 2007"]
[Site "Valby"]
[Date "2007.04.24"]
[Round "4"]
[White "Jorgensen, Kasper Moller"]
[Black "Weinreich, Per C"]
[Result "0-1"]
[WhiteElo "1857"]
[BlackElo "1886"]
[PlyCount "112"]
[EventDate "2007.??.??"]

1. e4 c5 2. Nf3 d6 3. d4 cxd4 4. Nxd4 Nf6 5. Nc3 g6 6. Be3 Bg7 7. f3 O-O 8. Qd2
Nc6 9. O-O-O d5 10. exd5 Nxd5 11. Nxc6 bxc6 12. Nxd5 cxd5 13. Qxd5 Qc7 14. Qc5
Qb7 15. Bd4 Bf5 16. c3 Rfc8 17. Qb5 Bh6+ 18. Rd2 Qc7 19. Be5 Bxd2+ 20. Kxd2
Qd8+ 21. Kc1 a6 22. Qa4 Qd5 23. Bf4 e5 24. Bg5 Rc5 25. Be2 e4 26. Rd1 Qe5 27.
Qd4 exf3 28. Bxf3 Re8 29. Bf6 Qxd4 30. Rxd4 Ra5 31. Bd5 Re1+ 32. Kd2 Re8 33.
Bc6 Rb8 34. a4 Rxb2+ 35. Ke3 Rb8 36. Kf4 Rc5 37. Bd5 h5 38. h4 Re8 39. c4 Ra5
40. Bc6 Rc8 41. Rd5 Rxd5 42. cxd5 Rb8 43. d6 Rb6 44. Bd5 Rxd6 45. Ke5 Rb6 46.
Bd8 Rb4 47. a5 Bd3 48. Bf3 Bf1 49. Kd5 Rb2 50. Kc5 Kf8 51. Bc6 f5 52. g3 Bb5
53. Bd5 Rc2+ 54. Kd6 Rc3 55. Ke6 Rxg3 56. Kf6 Re3 0-1

[Event "K41 Foraars EMT Basis 1 2007"]
[Site "Valby"]
[Date "2007.05.11"]
[Round "4"]
[White "Marshall, Michael"]
[Black "Gjedde, Thomas"]
[Result "0-1"]
[WhiteElo "1770"]
[BlackElo "1950"]
[PlyCount "46"]
[EventDate "2007.??.??"]

1. d4 d5 2. Nf3 Nf6 3. e3 e6 4. Bd3 c5 5. b3 Nc6 6. O-O Bd6 7. Bb2 Qc7 8. c4 b6
9. Nc3 a6 10. Rc1 O-O 11. cxd5 exd5 12. dxc5 bxc5 13. Na4 Ne4 14. Ba3 Bg4 15.
Bxc5 Bxh2+ 16. Kh1 Rfe8 17. Be2 Re6 18. Nxh2 Rh6 19. g3 Nxg3+ 20. Kg2 Rxh2+ 21.
Kxh2 Nxf1+ 22. Kg1 Qh2+ 23. Kxf1 Qh1# 0-1

[Event "K41 Foraars EMT Basis 1 2007"]
[Site "Valby"]
[Date "2007.05.01"]
[Round "5"]
[White "Thygesen, Morten"]
[Black "Nielsen, John Holm"]
[Result "1-0"]
[WhiteElo "1884"]
[BlackElo "1933"]
[PlyCount "65"]
[EventDate "2007.??.??"]

1. e4 e5 2. Nf3 Nc6 3. Bc4 Bc5 4. O-O Nf6 5. b4 Bxb4 6. c3 Be7 7. d4 d6 8. Qb3
O-O 9. Ng5 Qe8 10. f4 Na5 11. Bxf7+ Rxf7 12. Qxf7+ Qxf7 13. Nxf7 Kxf7 14. fxe5
dxe5 15. dxe5 Kg8 16. exf6 Bxf6 17. Bf4 c6 18. e5 Be7 19. Nd2 Be6 20. Nb3 Nxb3
21. axb3 Bxb3 22. Rfb1 Bc5+ 23. Kh1 Bd5 24. Rxb7 a5 25. c4 Bxc4 26. Rc1 Ba6 27.
Rc7 Bb4 28. R1xc6 a4 29. e6 h6 30. Be5 Bd3 31. Rxg7+ Kf8 32. e7+ Bxe7 33. Rxh6
1-0

[Event "K41 Foraars EMT Basis 1 2007"]
[Site "Valby"]
[Date "2007.05.01"]
[Round "5"]
[White "Friis, Jesper"]
[Black "Marshall, Michael"]
[Result "1/2-1/2"]
[WhiteElo "1785"]
[BlackElo "1770"]
[PlyCount "39"]
[EventDate "2007.??.??"]

1. e4 c6 2. d4 d5 3. Nc3 dxe4 4. Nxe4 Bf5 5. Ng3 Bg6 6. Nf3 Nd7 7. Bc4 e6 8.
Bf4 Ngf6 9. c3 Be7 10. O-O Nd5 11. Be5 O-O 12. Qd2 N7b6 13. Bb3 a5 14. a4 Qd7
15. Rfe1 Rac8 16. Nf1 h6 17. Ne3 Nf6 18. Nc4 Nxc4 19. Bxc4 Rfd8 20. Bd3 1/2-1/2

[Event "K41 Foraars EMT Basis 1 2007"]
[Site "Valby"]
[Date "2007.05.01"]
[Round "5"]
[White "Weinreich, Per C"]
[Black "Taylor, Ralph"]
[Result "1-0"]
[WhiteElo "1886"]
[BlackElo "1870"]
[PlyCount "57"]
[EventDate "2007.??.??"]

1. e4 c5 2. Ne2 d6 3. Nbc3 Nc6 4. g3 g6 5. Bg2 Bg7 6. O-O e6 7. f4 Nge7 8. d3
d5 9. f5 exf5 10. exd5 Nd4 11. Nf4 h5 12. Re1 h4 13. d6 Qxd6 14. Nfd5 hxg3 15.
Bf4 gxh2+ 16. Kh1 Qd8 17. Bc7 Qd7 18. Rxe7+ Qxe7 19. Nxe7 Kxe7 20. Nd5+ Kd7 21.
Qe1 Re8 22. Qg3 Re6 23. Re1 Rxe1+ 24. Qxe1 Ne6 25. Qg3 Bf8 26. Nf6+ Ke7 27. Qe5
a5 28. Bd6+ Kd8 29. Bxf8 1-0

[Event "K41 Foraars EMT Basis 1 2007"]
[Site "Valby"]
[Date "2007.05.01"]
[Round "5"]
[White "Gjedde, Thomas"]
[Black "Jorgensen, Kasper Moller"]
[Result "1-0"]
[WhiteElo "1950"]
[BlackElo "1857"]
[PlyCount "77"]
[EventDate "2007.??.??"]

1. d4 d5 2. c4 e6 3. Nf3 Nf6 4. Nc3 Nbd7 5. Bg5 Be7 6. e3 O-O 7. Bd3 c6 8. O-O
dxc4 9. Bxc4 Nd5 10. Bxe7 Qxe7 11. Rc1 Nxc3 12. Rxc3 e5 13. dxe5 Nxe5 14. Nxe5
Qxe5 15. Qb3 b5 16. Bd3 Bb7 17. Qc2 h6 18. Be4 Rac8 19. Rc5 Qf6 20. Rc1 Rfd8
21. Bh7+ Kh8 22. Bf5 Rb8 23. Bg4 Rd6 24. Rf5 Qg6 25. Bh5 Qe6 26. Rxf7 Qe5 27.
Qe2 c5 28. f4 Qe6 29. b3 a5 30. Rxc5 Rbd8 31. Re5 Qxf7 32. Bxf7 Rd2 33. Re8+
Rxe8 34. Qxd2 Rc8 35. Bd5 Bxd5 36. Qxd5 Rc1+ 37. Kf2 Rc2+ 38. Kf3 Rxa2 39. Qxb5
1-0

[Event "K41 Foraars EMT Basis 1 2007"]
[Site "Valby"]
[Date "2007.05.08"]
[Round "6"]
[White "Marshall, Michael"]
[Black "Thygesen, Morten"]
[Result "0-1"]
[WhiteElo "1770"]
[BlackElo "1884"]
[PlyCount "126"]
[EventDate "2007.??.??"]

1. d4 d5 2. Nf3 c5 3. e3 Nc6 4. b3 Bg4 5. Be2 Nf6 6. O-O cxd4 7. exd4 e6 8. Bb2
Bd6 9. Nbd2 O-O 10. Ne5 Bxe2 11. Qxe2 Rc8 12. c4 Nd7 13. Ndf3 Ndxe5 14. dxe5
Bb8 15. Rfd1 Ne7 16. Rac1 Qa5 17. cxd5 Nxd5 18. a3 Rfd8 19. h3 h6 20. Qe4 Qb6
21. Nd4 a6 22. Kh1 Ba7 23. Qf3 Rxc1 24. Rxc1 Ne7 25. Rd1 Rd5 26. Nc2 Qxf2 27.
Qxf2 Bxf2 28. Rxd5 exd5 29. Nd4 Bxd4 30. Bxd4 Nc6 31. Bb2 Kf8 32. Kg1 Ke7 33.
Kf2 Ke6 34. Ke2 g6 35. Ke3 Nxe5 36. Kd4 b6 37. a4 Nc6+ 38. Ke3 h5 39. Bc3 Kf5
40. g3 b5 41. axb5 axb5 42. Kd3 g5 43. Ke3 b4 44. Bd2 f6 45. Kd3 Ke5 46. g4
hxg4 47. hxg4 Kd6 48. Be1 Ne5+ 49. Ke3 Nxg4+ 50. Kd4 Ne5 51. Bxb4+ Ke6 52. Bc5
Nd7 53. Ba7 Kd6 54. b4 Kc6 55. Kc3 Kb5 56. Bf2 f5 57. Be1 Ne5 58. Bf2 f4 59.
Bc5 g4 60. Kd4 Nc6+ 61. Kxd5 f3 62. Bf2 Nxb4+ 63. Ke4 Kc4 0-1

[Event "K41 Foraars EMT Basis 1 2007"]
[Site "Valby"]
[Date "2007.05.08"]
[Round "6"]
[White "Jorgensen, Kasper Moller"]
[Black "Taylor, Ralph"]
[Result "1-0"]
[WhiteElo "1857"]
[BlackElo "1870"]
[PlyCount "122"]
[EventDate "2007.??.??"]

1. d4 Nf6 2. c4 c5 3. Nf3 g6 4. Nc3 cxd4 5. Nxd4 Bg7 6. e4 d6 7. Be2 O-O 8. O-O
a6 9. Be3 Nbd7 10. f3 Nc5 11. Rc1 Bd7 12. b4 Ne6 13. Nb3 Rc8 14. Nd5 Rb8 15.
Bb6 Qe8 16. Qd2 Bc6 17. Rc2 Nd7 18. Be3 b6 19. Rfc1 Qd8 20. Bf1 Re8 21. g3 Ba4
22. Bh3 Ne5 23. Kg2 Nc6 24. Bxe6 fxe6 25. Nf4 Kf7 26. h4 a5 27. Nd3 Qd7 28. b5
Nd8 29. Bf4 Qb7 30. Nb2 Bxb3 31. axb3 Bxb2 32. Rxb2 e5 33. Be3 Ne6 34. Qd5 Rec8
35. Rf1 Qxd5 36. exd5 Nc5 37. Bxc5 Rxc5 38. f4 e4 39. Re1 a4 40. Rxe4 axb3 41.
Rxb3 Ra8 42. Kf3 Ra4 43. Rc3 Rb4 44. Kg4 Rc7 45. Kg5 Rxb5 46. Rce3 Rbc5 47. Kh6
b5 48. cxb5 Rxd5 49. g4 Rxb5 50. Kxh7 Rb8 51. Re6 Rb5 52. h5 gxh5 53. g5 Rb8
54. g6+ Kf8 55. f5 h4 56. Rh3 Rc5 57. Rxh4 Rxf5 58. Kh6 Rb7 59. Ra4 Kg8 60. g7
Rb8 61. Rxe7 Rd8 1-0

[Event "K41 Foraars EMT Basis 1 2007"]
[Site "Valby"]
[Date "2007.05.08"]
[Round "6"]
[White "Gjedde, Thomas"]
[Black "Friis, Jesper"]
[Result "1-0"]
[WhiteElo "1950"]
[BlackElo "1785"]
[PlyCount "89"]
[EventDate "2007.??.??"]

1. d4 Nf6 2. Nf3 g6 3. c4 Bg7 4. Nc3 d6 5. e4 O-O 6. Be2 e5 7. O-O Nc6 8. d5
Ne7 9. Ne1 Ne8 10. Be3 f5 11. f3 f4 12. Bf2 g5 13. Nd3 Ng6 14. c5 h5 15. Rc1 a6
16. cxd6 cxd6 17. Na4 Rf7 18. Nb6 Rb8 19. Nxc8 Rxc8 20. Qb3 Rxc1 21. Rxc1 Rc7
22. Rxc7 Qxc7 23. Nc5 Qa5 24. Nxb7 Qd2 25. Bxa6 g4 26. Qc3 Qd1+ 27. Bf1 g3 28.
hxg3 fxg3 29. Bxg3 h4 30. Bh2 Bh6 31. Qd3 Qe1 32. Qe2 Be3+ 33. Kh1 Qc1 34. a4
Nf4 35. Bxf4 Bxf4 36. a5 Qc7 37. a6 Qg7 38. Qf2 Bg3 39. Qe3 Bf4 40. Qf2 Bg3 41.
Qc2 Bf4 42. Qc8 Kh7 43. Qxe8 Qg3 44. Qh5+ Bh6 45. Qf5+ 1-0

[Event "K41 Foraars EMT Basis 1 2007"]
[Site "Valby"]
[Date "2007.05.08"]
[Round "6"]
[White "Nielsen, John Holm"]
[Black "Weinreich, Per C"]
[Result "1-0"]
[WhiteElo "1933"]
[BlackElo "1886"]
[PlyCount "103"]
[EventDate "2007.??.??"]

1. Nc3 c5 2. Nf3 Nc6 3. d4 cxd4 4. Nxd4 g6 5. Bf4 d6 6. e4 Bg7 7. Nxc6 bxc6 8.
Bc4 Nf6 9. O-O O-O 10. Qd2 Rb8 11. Rad1 Bg4 12. f3 Be6 13. Bb3 Nd7 14. Be3 Nb6
15. Bd4 c5 16. Bxg7 Kxg7 17. Bxe6 fxe6 18. Ne2 Nd7 19. c4 Ne5 20. Qc3 Kg8 21.
f4 Nc6 22. Rf3 e5 23. f5 Nd4 24. Nxd4 cxd4 25. Qd2 gxf5 26. exf5 Kh8 27. Rdf1
Qb6 28. b3 Rf7 29. f6 Rxf6 30. Rxf6 exf6 31. Rxf6 d3+ 32. Kh1 Qd4 33. h3 Re8
34. Rf7 Qe4 35. Qh6 Qg6 36. Rf8+ Rxf8 37. Qxf8+ Qg8 38. Qxd6 Qg3 39. Qf8+ Qg8
40. Qf6+ Qg7 41. Qd8+ Qg8 42. Qxd3 Qg5 43. Qe4 Qe7 44. a3 a5 45. b4 axb4 46.
axb4 Qxb4 47. Qxe5+ Kg8 48. c5 Qa5 49. Kh2 Kf7 50. Qd6 Qb4 51. Qd7+ Kg6 52.
Qg4+ 1-0

[Event "K41 Foraars EMT Basis 1 2007"]
[Site "Valby"]
[Date "2007.05.15"]
[Round "7"]
[White "Taylor, Ralph"]
[Black "Nielsen, John Holm"]
[Result "1-0"]
[WhiteElo "1870"]
[BlackElo "1933"]
[PlyCount "79"]
[EventDate "2007.??.??"]

1. e4 e5 2. Nf3 Nc6 3. Bb5 a6 4. Ba4 Nf6 5. O-O Be7 6. Re1 b5 7. Bb3 d6 8. c3
O-O 9. h3 Na5 10. Bc2 c5 11. d4 Nc6 12. Be3 Bb7 13. d5 Nb8 14. Nbd2 Nbd7 15.
Nf1 Re8 16. g4 g6 17. Ng3 Bf8 18. g5 Nh5 19. Nxh5 gxh5 20. Nh4 Be7 21. Qxh5 Nf8
22. Nf5 Ng6 23. h4 Bf8 24. Qg4 Bc8 25. Kh2 Kh8 26. Rh1 Ra7 27. Qf3 f6 28. a4
Bxf5 29. exf5 Nxh4 30. Qh5 fxg5 31. axb5 Rg7 32. bxa6 g4 33. a7 Nf3+ 34. Kg2
Qa8 35. Qxe8 Qxe8 36. a8=Q Qf7 37. Be4 h5 38. Ra7 Qf6 39. Rxh5+ Kg8 40. Rxg7+
1-0

[Event "K41 Foraars EMT Basis 1 2007"]
[Site "Valby"]
[Date "2007.05.15"]
[Round "7"]
[White "Weinreich, Per C"]
[Black "Marshall, Michael"]
[Result "1/2-1/2"]
[WhiteElo "1886"]
[BlackElo "1770"]
[PlyCount "81"]
[EventDate "2007.??.??"]

1. Nf3 Nf6 2. b3 d5 3. Bb2 c5 4. g3 Nc6 5. Bg2 e6 6. O-O Be7 7. d3 O-O 8. Nbd2
Qc7 9. e4 d4 10. a4 e5 11. Nc4 Be6 12. Nfd2 Rad8 13. h3 b6 14. f4 exf4 15. gxf4
a6 16. e5 Nd5 17. f5 Bc8 18. f6 gxf6 19. Bxd5 Rxd5 20. Qf3 Rdd8 21. exf6 Bxf6
22. Rf2 Bg7 23. Rg2 f5 24. Kf2 b5 25. axb5 axb5 26. Rag1 Rf7 27. Na3 Bb7 28.
Qh5 Ne5 29. Rg5 Ng6 30. Ke1 Qe7+ 31. Kd1 Re8 32. Nxb5 Nf4 33. Qh4 Ng6 34. Qh5
Nf4 35. Qh4 Qe2+ 36. Kc1 Nxh3 37. Nxd4 cxd4 38. Rxg7+ Rxg7 39. Rxg7+ Kxg7 40.
Bxd4+ Kg8 41. Qf6 1/2-1/2

[Event "K41 Foraars EMT Basis 1 2007"]
[Site "Valby"]
[Date "2007.05.15"]
[Round "7"]
[White "Friis, Jesper"]
[Black "Jorgensen, Kasper Moller"]
[Result "1-0"]
[WhiteElo "1785"]
[BlackElo "1857"]
[PlyCount "79"]
[EventDate "2007.??.??"]

1. e4 c5 2. d4 cxd4 3. c3 dxc3 4. Nxc3 d6 5. Bc4 e6 6. Nf3 a6 7. O-O b5 8. Bb3
Bb7 9. Qe2 Qc7 10. Be3 Nf6 11. Rac1 Nc6 12. Nd5 exd5 13. exd5 Be7 14. dxc6 Bc8
15. Rfe1 O-O 16. Bg5 Re8 17. Qd3 Bg4 18. Bc2 Bh5 19. Bxf6 Bg6 20. Qe3 gxf6 21.
Bxg6 hxg6 22. Qf4 Bf8 23. Qxf6 Rxe1+ 24. Rxe1 Bg7 25. Qe7 Qxe7 26. Rxe7 Rc8 27.
c7 Kf8 28. Rd7 Ke8 29. Rxd6 Rxc7 30. g3 b4 31. b3 Rc2 32. Rd2 Rxd2 33. Nxd2 Kd7
34. Kf1 Kc6 35. Ke2 Kc5 36. Kd3 f5 37. h3 Bh6 38. f4 Kb5 39. Nb1 Bg7 40. g4 1-0